00532 2200205 4500001002100000005001500021008004100036020001800077035001900095041000700114082001000121090001600131100002600147245005700173250000900230260003700239300002400276500001000300650001600310INLIS00000000000179820241224112421241224||||||||| | ||| |||| || |  a979-757-455-5 0010-1224001798 aid0 a373.1 a373.1 TIM t0 aredaksi kawan pustaka00aTepat Menjawab Soal-soal Ujian Nasional SMA IPS 2011 aed.5 aJakartabpt. Kawan pustakac2010 axii,448 hlm.; 28 cm acet.1 0aIlmu Sosial